000 00937nam a22003017a 4500
001 7852
003 FISKH
005 20250812094136.0
008 250812b cb ||||| |||| 00| 0 eng d
020 _a9780439676243
040 _aCQF
_cCQF
_dOCLCQ
_dDLC
_beng
050 _aCT275.F68 R66
082 _a921
100 1 _aRoop, Peter
_d(1951-)
245 1 0 _aLet's drive, Henry Ford! /
_cBy Peter and Connie Roop.
250 _aThis edition first published in 2004
260 _aNew York :
_bScholastic,
_c2004.
300 _a59 pages :
_billustrations ;
_c20 cm.
505 _aR
520 _aDiscusses the events in Henry Ford's life up until he invented his famous assembly line cars.
521 _a700
_bLexile
521 _aR
_bRaz-Plus
650 0 _aAutomobile industry and trade
_zUnited States
650 0 _aJuvenile literature.
_z Biographies
700 1 _aRoop, Connie
942 _2ddc
_cBK
_n0
999 _c7852
_d7852